00000000ngs 2200000zi 4500
0019.906485
003CaOODSP
00520251028153023
006s|| m      f0    |
006m     o  c f      
007cr cna||||||||
007vz cza|||
008211229c20219999oncnnn       fo   v|eng d
040 |aCaOODSP|beng|erda|cCaOODSP
043 |an-cn---
0861 |aCS982-00003E-MP4|zCS98-20/0003E-MP4
24500|a[Census of population concept videos].
264 1|a[Ottawa] : |bStatistics Canada = Statistique Canada, |c[2021]-
300 |aonline resource (video files) : |bsound, colour
310 |aIrregular
336 |atwo-dimensional moving image|btdi|2rdacontent
337 |acomputer|bc|2rdamedia
338 |aonline resource|bcr|2rdacarrier
500 |aIssued also in French under title: [Vidéos sur les concepts du recensement de la population].
500 |aTitle supplied by cataloguer.
650 0|aCensus|xStudy and teaching|zCanada.
651 0|aCanada|xCensus, 2021|xMethodology.
655 7|aInternet videos|2lcgft
655 7|aInstructional and educational works|2lcgft
7102 |aStatistics Canada, |eissuing body.
77508|t[Vidéos sur les concepts du recensement de la population].|w(CaOODSP)9.906486
85640|qHTML, MP4|sN/A|uhttps://www12.statcan.gc.ca/census-recensement/training-formation/index-eng.cfm